[Event "POL-chT2"]
[Site "Augustow"]
[Date "1997.??.??"]
[Round "?"]
[White "Para, Tomasz"]
[Black "Kondrusik, J."]
[Result "0-1"]
[WhiteElo "2005"]
[BlackElo "1800"]
[PlyCount "114"]
[EventDate "1997.??.??"]
[EventType "team"]
[EventRounds "9"]
[EventCountry "POL"]
[SourceTitle "EXT 2003"]
[Source "ChessBase"]
[SourceDate "2002.11.25"]
[SourceVersion "1"]
[SourceVersionDate "2002.11.25"]
[SourceQuality "1"]

1. e4 d6 2. d4 Nf6 3. Nc3 g6 4. f3 Bg7 5. Be3 0-0 6. Qd2 c6 7. Bc4 b5 8. Bb3 Nbd7 9. Bh6 e5 10. Bxg7 Kxg7 11. d5 b4 12. Nce2 c5 13. c3 a5 14. Nh3 Nb6 15. Nf2 Rb8 16. cxb4 axb4 17. 0-0 Ba6 18. Rfc1 Qd7 19. a3 bxa3 20. Rxa3 Bxe2 21. Qxe2 Nh5 22. Rca1 Nf4 23. Qf1 Rfc8 24. g3 Nh5 25. Qc1 Nf6 26. Bd1 Ne8 27. f4 Qe7 28. Ra7 Rc7 29. Rxc7 Nxc7 30. Ra7 Ra8 31. Rxa8 Nbxa8 32. Ba4 Nb6 33. b3 f6 34. Bc6 Na6 35. Qd1 Nb4 36. Bb5 Qa7 37. Qg4 Qe7 38. h4 Nc2 39. f5 Nd4 40. Bc4 Qe8 41. Nh3 h5 42. Qxg6+ Qxg6 43. fxg6 Kxg6 44. Kf2 Nc8 45. Ke3 Ne7 46. Nf2 Ng8 47. Nd3 Nh6 48. Kf2 Ng4+ 49. Kg2 f5 50. exf5+ Kxf5 51. Nf2 Ne3+ 52. Kh3 e4 53. g4+ hxg4+ 54. Kg3 Nxc4 55. bxc4 Ne2+ 56. Kg2 Nf4+ 57. Kg3 Nh5+ 0-1

[Event "Augustow op-B"]
[Site "Augustow"]
[Date "1996.??.??"]
[Round "?"]
[White "Kondrusik, J."]
[Black "Szromba, Krzysztof"]
[Result "1/2-1/2"]
[WhiteElo "1800"]
[BlackElo "1800"]
[PlyCount "95"]
[EventDate "1996.??.??"]
[EventType "swiss"]
[EventRounds "9"]
[EventCountry "POL"]
[SourceTitle "EXT 2003"]
[Source "ChessBase"]
[SourceDate "2002.11.25"]
[SourceVersion "1"]
[SourceVersionDate "2002.11.25"]
[SourceQuality "1"]

1. e4 c5 2. Nf3 d6 3. d4 cxd4 4. Nxd4 Nf6 5. Nc3 g6 6. Be3 Bg7 7. Be2 0-0 8. 0-0 Nc6 9. Nb3 Be6 10. f3 Rc8 11. Qd2 a6 12. Rad1 b5 13. Nd4 Nxd4 14. Bxd4 Qc7 15. a3 Qb7 16. Be3 Rc7 17. Kh1 Rfc8 18. Bh6 b4 19. axb4 Qxb4 20. Bxg7 Kxg7 21. Rb1 Ba2 22. Ra1 Qxb2 23. Rxa2 Qxc3 24. Qxc3 Rxc3 25. Bd3 Nd7 26. Rxa6 Nc5 27. Ra7 Kf6 28. Rd1 Nxd3 29. cxd3 Rxd3 30. Rf1 e6 31. Raa1 d5 32. exd5 exd5 33. Rad1 Rxd1 34. Rxd1 Rd8 35. Kg1 Ke5 36. Kf2 f5 37. Ke3 d4+ 38. Kd3 Ra8 39. Rd2 Ra3+ 40. Ke2 Re3+ 41. Kd1 d3 42. Ra2 Kd4 43. Ra4+ Kc5 44. Kd2 Re2+ 45. Kxd3 Rxg2 46. h4 Rb2 47. Ke3 Rb3+ 48. Kf4 1/2-1/2